Pokémon by Type by Stats - Statistics

General Stats
  • This quiz has been taken 65 times
  • The average score is 96 of 111
Answer Stats
Type BST Answer % Correct
Normal 500s
100%
Normal 400s
100%
Normal 200s
98%
Fire 600s
98%
Steel 600s
98%
Fire 500s
96%
Fire 300s
96%
Water 500s
96%
Ice 400s
96%
Fighting 500s
96%
Poison 500s
96%
Poison 300s
96%
Flying 600s
96%
Flying 500s
96%
Flying 200s
96%
Psychic 600s
96%
Dragon 600s
96%
Dark 500s
96%
Normal 600s
93%
Water 400s
93%
Grass 500s
93%
Grass 300s
93%
Ice 500s
93%
Ice 300s
93%
Poison 400s
93%
Ground 600s
93%
Ground 400s
93%
Ground 300s
93%
Psychic 300s
93%
Dragon 700s
93%
Dragon 400s
93%
Dark 400s
93%
Steel 500s
93%
Steel 400s
93%
Fairy 500s
93%
Normal 700s
91%
Fire 400s
91%
Water 600s
91%
Water 300s
91%
Poison 600s
91%
Ground 700s
91%
Flying 400s
91%
Psychic 700s
91%
Bug 200s
91%
Rock 500s
91%
Rock 300s
91%
Ghost 500s
91%
Ghost 400s
91%
Dark 600s
91%
Steel 300s
91%
Fairy 600s
91%
Fairy 400s
91%
Normal 300s
89%
Grass 400s
89%
Electric 400s
89%
Electric 300s
89%
Ground 500s
89%
Flying 300s
89%
Psychic 500s
89%
Bug 500s
89%
Bug 300s
89%
Rock 700s
89%
Rock 600s
89%
Rock 400s
89%
Ghost 600s
89%
Ghost 300s
89%
Dragon 300s
89%
Fairy 300s
89%
Water 200s
87%
Grass 600s
87%
Fighting 600s
87%
Fighting 400s
87%
Flying 700s
87%
Psychic 400s
87%
Bug 400s
87%
Bug 100s
87%
Dragon 500s
87%
Steel 700s
87%
Fairy 200s
87%
Grass 200s
84%
Electric 600s
84%
Electric 500s
84%
Fighting 300s
84%
Dark 200s
84%
Fire 700s
82%
Fire 200s
82%
Water 700s
82%
Psychic 200s
82%
Ghost 200s
82%
Fairy 700s
82%
Electric 200s
80%
Fighting 200s
80%
Poison 200s
80%
Bug 600s
80%
Dark 300s
80%
Ice 600s
76%
Fighting 700s
76%
Fairy 100s
76%
Ice 700s
71%
Ground 200s
71%
Ice 200s
69%
Poison 100s
69%
Dragon 200s
69%
Rock 200s
64%
Dark 700s
64%
Normal 100s
62%
Grass 100s
62%
Steel 200s
60%
Water 100s
56%
Ice 100s
53%
Psychic 100s
51%
No matching quizzes found
Score Distribution
Percent of People with Each Score
Percentile by Number Answered
Your Score History
You have not taken this quiz